000 00440nam a22001817a 4500
003 CEME
005 20210628205142.0
008 210301b xxu||||| |||| 00| 0 eng d
020 _a1-56091-172-7
040 _c.
082 _a629.2-SAE ELE'S
100 _aSae
_95185
245 _aElectric vehicle r&d
260 _aUSA
_bSAE
_c1991
300 _a69P
650 _aSAE ARTICLE.SP-880.27340.28036.30814.30815
_974189
942 _cBK
_2ddc
999 _c579750
_d579750